|
|
|
|
| LEADER |
01071nam a22002657a 4500 |
| 001 |
16846 |
| 003 |
BD-DhAAL |
| 005 |
20141107161745.0 |
| 008 |
141007s2004 bg a|||| b||| 00| 0 eng d |
| 020 |
|
|
|a 98483610136
|
| 040 |
|
|
|a BD-DhAAL
|c BD-DhAAL
|
| 082 |
|
|
|2 22
|a 658.4/04
|
| 999 |
|
|
|c 33015
|d 33015
|
| 999 |
|
|
|c 33015
|
| 999 |
|
|
|c 33006
|
| 100 |
|
|
|a মজিদ, এম. এ.
|9 5925
|
| 245 |
|
|
|a প্রকল্প ব্যবস্থাপনা /
|c এম. এ. মজিদ,
|
| 260 |
|
|
|a ঢাকা :
|b এ এইচ ডেভেলপমেন্ট পাবলিশিং হাউজ,
|c ২০০৫
|
| 300 |
|
|
|a ২২৮ পৃ. :
|b চিত্র ;
|c ২২ সে. মি.
|
| 504 |
|
|
|a গ্রন্থপঞ্জি অন্তর্ভূক্ত (২২৬-২২৮)
|
| 541 |
|
|
|e 16846
|
| 650 |
|
|
|a Project Management
|9 5926
|
| 852 |
|
|
|a Ayesha Abed Library
|c General Stacks
|
| 942 |
|
|
|2 ddc
|c BK
|
| 952 |
|
|
|0 0
|1 0
|2 ddc
|4 0
|6 658_404000000000000_MAJ
|7 0
|9 43995
|a IGS
|b IGS
|c GEN
|d 2014-11-07
|l 0
|o 658.404 MAJ
|p 3010016846
|r 2014-11-07
|t 1
|w 2014-11-07
|y BK
|